000 00572nam a2200217Ia 4500
999 _c4494
_d4494
003 0100
008 130227s9999 xx 000 0 und d
040 _cARRUPELIB
050 _aDT962.82.M28A3 2010
245 _aMakhurane, Phinias-Mogorosi
245 _ban autobiography
260 _bBooklove Publishers
_aGweru, Zimbabwe
_c2010
300 _axii
300 _b 301p. 22cm.
650 _bMakhurane, Phinias-Mogorosi
_929965
942 _2lcc
_cMONOGRAPH